Statistics for Teams With The Most Stanley Cups

Click here to take the quiz!

General Stats

  • This quiz has been taken 36 times
  • The average score is 8 of 9

Answer Stats

Cup WinsAnswer% Correct
6Boston Bruins
97%
24Montreal Canadiens
97%
13Toronto Maple Leafs
97%
4New York Rangers
93%
6Chicago Blackhawks
90%
11Detroit Red Wings
90%
4New York Islanders
90%
5Pittsburgh Penguins
90%
5Edmonton Oilers
86%

Score Distribution

Percentile by Number Answered

Percent of People with Each Score

Your Score History

You have not taken this quiz